000 00391cam a2200157ua 4500
003 OSt
008 250108b |||||||| |||| 00| 0 eng d
041 _aeng
082 _a621.384
_bTEP/BA
100 _aTepper, Marvin .
_95729
245 _aBasic radio vol-3 /
250 _a1 /
260 _aMumbai :
_bD B Taraporevala sons & Co. Pvt. Ltd. ,
_c1968.
300 _a138 ; .
942 _cBK
999 _c8965
_d8965